| 000 | 01038cab a22001935a 4500 | ||
|---|---|---|---|
| 001 | L152580 | ||
| 008 | 110330e20110311xxk 000 0 eng d | ||
| 035 | _a(Sirsi) u152580 | ||
| 041 | 0 | _aeng | |
| 110 | 2 |
_aProperty Week _91549 |
|
| 245 | 0 | 0 | _aQuiet start to new year continues |
| 260 | _c2011 | ||
| 490 | 0 |
_aProperty Week _v77(10) 11 March 2011, 40(1) |
|
| 520 | _aCushman & Wakefield's latest commercial property investment analysis shows prime yields largely unchanged at 5.67% in February 2011, just a point lower than in January. Parts of retail warehouse and food market were the only subsections with falling yields. The retail average yield of 5.66% was the lowest since May 2008; offices at 5.38% the lowest since December 2007; industrial sector yields stabilised at 6.36%, the lowest since May 2008. Table covers current and some historic prime yields for all subsectors. | ||
| 590 | _aKA | ||
| 651 | 4 |
_aUnited Kingdom _y |
|
| 690 | _aPROPERTY-COMMERCIAL PROPERTY-COMMERCIAL PROPERTY FINANCE AND INVESTMENT | ||
| 942 | _n0 | ||
| 999 |
_c83005 _d83005 |
||